000
00229nam a22000977a 4500
082
_a
050
245
_a
FEMINA - ENGLISH - 3, MARCH 2017 - GUJARAT SPECIAL
300
_a
68P
490
_a
3, MARCH 2017 - GUJARAT SPECIAL
942
_c
CR
999
_c
3268
_d
3268